|
|
|
|
| LEADER |
00912nam a2200253 i 4500 |
| 001 |
c000077943 |
| 003 |
CARM |
| 005 |
00000000000000.0 |
| 008 |
740505r19741972enk 00011 eng d |
| 015 |
|
|
|a B7411118
|
| 019 |
1 |
|
|a 3544793
|5 LACONCORD2021
|
| 020 |
|
|
|a 0575017309 :
|c L.2.00
|
| 035 |
|
|
|a (OCoLC)16247659
|5 LACONCORD2021
|
| 100 |
1 |
|
|a Westlake, Donald E.
|
| 245 |
1 |
0 |
|a Don't lie to me /
|c by Tucker Coe.
|
| 260 |
|
|
|a London :
|b Gollancz,
|c 1974.
|
| 300 |
|
|
|a [5], 180 p. ;
|c 21cm.
|
| 500 |
|
|
|a Fiction in English, 1900-. Texts (BNB/PRECIS)
|
| 500 |
|
|
|a Originally published: New York : Random House, 1972.
|
| 650 |
|
0 |
|a English fiction.
|
| 852 |
8 |
|
|b CARM
|h A2:AB07B0
|i B02398
|p 0104514
|f BK
|
| 082 |
0 |
4 |
|a 823/.9/1
|2 18
|
| 999 |
f |
f |
|i 19a2f5a9-05b1-59b0-95ce-21780ee812d1
|s 19ab8a7a-75a6-5e35-919b-9083dab6c893
|
| 952 |
f |
f |
|p Can circulate
|a CAVAL
|b CAVAL
|c CAVAL
|d CARM 1 Store
|e B02398
|f A2:AB07B0
|h Other scheme
|i book
|m 0104514
|